000 00648nam a22002057a 4500
999 _c58428
_d58428
005 20221107120516.0
008 220207s2020 enk||||| |||| 00| 0 eng d
020 _a9781138599765x
024 _q
041 _aeng
080 _a371.3 W-63
100 _aWhite, Jan
_913479
245 _aPlaying and Learning Outdoors:
_bThe Practical Guide and Sourcebook for Excellence in Outdoor Provision and Practice with Young Children /
_cJan White.
250 _aThird edition
264 _aLondon :
_bRoutledge,
_c2020.
300 _a232 p.
_b24 cm.
653 _aპედაგოგიკა
653 _aПедагогика
942 _2udc
_cBK